Chanson du groupe Simple Plan - Mort Subite - Statistiques

Statistiques générales
  • Ce quiz a été pris 17 fois
  • Le résultat moyen est 10 sur 30
Answers on the Grid
Answers color-coded by a green-red scale on the quiz's grid according to % correct below.
I'd Do Anything
I'm Just A Kid
Addicted
Perfect
Jump
Shut Up
Welcome to my Life
Untitled
Crazy
When I'm Gone
Take My Hand
Your Love Is A Lie
Save You
What If
Jet Lag
Astronaut
Summer Paradise
Last One Standing
Boom!
Thank You
Everytime
Promise
Me Against The World!
One
Opinion Overload
I Refuse
Nostalgic
Two
Best Day of My Life
Iconic
Blood Red
Numb
Bohemian Rapsody
We Will Rock You
Light My Fire
Black Dog
Let It Be
The Kids Aren't Alright
Lovesong
Pictures of You
Stamp
First Date
Bring me to Life
No Gods No Masters
Nightmare
Shadow of the Day
Four
Three
 
Statistiques - réponses
Réponse % Correct
I'm Just A Kid
85%
Jet Lag
77%
Summer Paradise
69%
When I'm Gone
62%
Best Day of My Life
54%
Perfect
54%
Welcome to my Life
54%
I'd Do Anything
46%
Your Love Is A Lie
46%
Me Against The World!
38%
Shut Up
38%
Take My Hand
38%
Untitled
38%
Crazy
31%
Jump
31%
Save You
31%
Addicted
23%
Astronaut
23%
Last One Standing
23%
Nostalgic
23%
What If
23%
Boom!
15%
Promise
15%
Everytime
15%
I Refuse
8%
One
8%
Opinion Overload
8%
Thank You
8%
Iconic
0%
Two
0%
Aucun quiz correspondant
Distribution des résultats
% des personnes avec chaque résultat
Percentile par nombre de réponses
Votre historique - résultats
Vous n’avez pas pris ce quiz